书目信息 |
| 题名: |
顶级样板房
|
|
| 作者: | 张青萍 , 孔新民 主编 | |
| 分册: | 1 | |
| 出版信息: | 北京 中国林业出版社 2009.10 |
|
| 页数: | 359页 | |
| 开本: | 32cm | |
| 丛书名: | ||
| 单 册: | ||
| 中图分类: | TU241 | |
| 科图分类: | ||
| 主题词: | 民用建筑--建筑设计 | |
| 电子资源: | ||
| ISBN: | 978-7-5038-5709-6 | |
| 000 | 00881nam0 2200253 45 | |
| 001 | 1051101801 | |
| 005 | 20101217162328.67 | |
| 010 | @a978-7-5038-5709-6@dCNY288.00 | |
| 092 | @aCN@bDY:DYJZ | |
| 100 | @a20101116d2009 ekmy0 y0120 ea | |
| 102 | @aCN@b130000 | |
| 102 | @aCN@b110000 | |
| 105 | @ay z 000yy | |
| 200 | 1 | @a顶级样板房@Ading ji yang ban fang@e经典公寓、时尚复式、豪华别@h1@f张青萍,孔新民主编@Fzhang qing ping,kong xin min zhu bian |
| 210 | @a北京@c中国林业出版社@d2009.10 | |
| 215 | @a359页@d32cm | |
| 517 | 1 | @a经典公寓、时尚复式、豪华别@Ajing dian gong yu、shi shang fu shi、hao hua bie |
| 606 | 0 | @a民用建筑@x建筑设计 |
| 690 | @aTU241@v4 | |
| 701 | 0 | @a张青萍@Azhang qing ping@4主编 |
| 701 | 0 | @a孔新民@Akong xin min@4主编 |
| 801 | 0 | @aCN@b安徽儒林@c20101116 |
| 905 | @a10447@dTU241@eZ150:1 | |
| 906 | @b河南城建学院图书馆@n3@r1@cDY:DYJZ@dCNY288.00 | |
| 顶级样板房:经典公寓、时尚复式、豪华别.1/张青萍,孔新民主编.-北京:中国林业出版社,2009.10 |
| 359页;32cm |
| ISBN 978-7-5038-5709-6:CNY288.00 |
| ● |
| 相关链接 |
|
|
|
正题名:顶级样板房
索取号:TU241/Z150:1
 
预约/预借
| 序号 | 登录号 | 条形码 | 馆藏地/架位号 | 状态 | 备注 |
| 1 | 825571 | 208255715 | 建筑库101/101建筑库 59排3列4层/ [索取号:TU241/Z150:1] | 在馆 | |
| 2 | 825572 | 208255724 | 建筑与城市规划学院资料室/101建筑库 31排4列1层/ [索取号:TU241/Z150:1] | 在馆 | |
| 3 | 825654 | 208256545 | 建筑库101/101建筑库 59排3列4层/ [索取号:TU241/Z150:1] | 在馆 |